Statistiques concernant Quiz sur les Bouches-du-Rhône

Cliquez ici pour prendre le quiz!

Statistiques générales

  • Ce quiz a été pris 5 971 fois
  • Le résultat moyen est 13 sur 20

Statistiques - réponses

QuestionRéponse% Correct
Préfecture et plus grand villeMarseille
99%
Numéro du département13
98%
Région à laquelle il appartientProvence-Alpes-
Côte-d'Azur
97%
Mer bordant le départementMer Méditerranée
96%
Sous-préfecturesAix-en-Provence
81%
Région naturelle connue pour son riz et ses taureauxCamargue
79%
Footballeur du département qui a été élu meilleur entraîneur du monde en 2017Zinédine Zidane
76%
Soupe de poisson emblématique de la gastronomie provençaleBouillabaisse
75%
Département qui a récupéré la partie des Bouches-du-Rhône
au nord de la Durance quand il a été créé en 1793
Vaucluse
69%
Commune au nom fruité qui est célèbre pour ses falaisesCassis
60%
Département avec lequel les Bouches-du-Rhône partagent cette régionGard
60%
Commune qui accueille l'aéroport de la préfectureMarignane
56%
Parc national du département à proximité de la préfectureCalanques
55%
Deuxième plus grand étang salé d'EuropeÉtang de {Berre}
49%
Quatrième commune du département où est né Marcel PagnolAubagne
45%
Sous-préfecturesArles
44%
Montagne dépeinte par une soixantaine d’œuvres de Paul CézanneSainte-Victoire
41%
Écrivain bucco-rhodanien, principalement connu pour Cyrano de BergeracEdmond Rostand
38%
Sous-préfecturesIstres
30%
Premier président de la Troisième République, qui venait de la préfectureAdolphe Thiers
27%

Distribution des résultats

Percentile par nombre de réponses

% des personnes avec chaque résultat

Votre développement - résultats

Vous n’avez pas pris ce quiz